000 01013nam a22003017a 4500
003 CHAP
005 20220329133908.0
008 971013s1966 r 00010 d
010 _a12383
011 _a13355
035 _a17426
040 _cCHAP
082 _a301.35
_bH3
100 0 0 _aHavens, A. Eugene.
_953116
245 _aTámesis
_b: estructura y cambio; estudio de una comunidad antioqueña
260 _aBogotá :
_bCoedición de editorEdiciones Tercer Mundo y Facultad de Sociología, Universidad Nacional,
_c1966
300 _a184 p.
_b: ilus.
590 _aBATCH-UPD
_b10
_c20130110
_lUCH01
_h1252
590 _aBATCH-UPD
_b10
_c20130410
_lUCH01
_h0814
590 _aBATCH-UPD
_b10
_c20130914
_lUCH01
_h0822
590 _aCONVERSION
_b10
_c20130109
_lUCH01
_h1308
650 1 4 _aCambio social.
_917787
650 1 4 _aColombia
_xCondiciones sociales.
_925364
650 1 4 _aSociología rural.
_9108215
901 _aBK
942 _cLIBRO
949 _a301.35 H3
_bBC
_cLIBRO
_d33724000293882
_eLIBRO
_i17426
_si
999 _c12383
_d12383